| 000 | 00688nam a22002057a 4500 | ||
|---|---|---|---|
| 003 | OSt | ||
| 005 | 20230831094953.0 | ||
| 008 | 221006b |||||||| |||| 00| 0 eng d | ||
| 040 | _cBiblioteca Lado V | ||
| 082 |
_a720.1 _bB569e |
||
| 100 |
_91005 _aBeuys, Joseph _eautor |
||
| 245 | _aeen gesprek/ | ||
| 260 |
_bUitgeverij Bébert-Van Reekum Museum,, Rotterdam/Apeldoorn _c1987 _aAssociation Member |
||
| 300 |
_c30x21cm _a32p. |
||
| 366 | _espa | ||
| 650 |
_2Tesauro de Arte & Arquitectura _aARTE _9703 |
||
| 650 |
_2Tesauro de Arte & Arquitectura _aARQUITECTURA _9702 |
||
| 650 |
_2Tesauro de Arte & Arquitectura _aTEORIA _9702 |
||
| 942 |
_2ddc _c1 _h720.1 _iB569e _n0 |
||
| 999 |
_c4255 _d4255 |
||